[Event "Krapina-ch 8th "]
[Site "Krapina"]
[Date "2018.01.20"]
[Round "4"]
[White "Lescan, Marijan"]
[Black "Vasilijevic, Vili"]
[Result "1-0"]
[WhiteElo "1744"]
[BlackElo "1563"]
[PlyCount "75"]
[EventDate "2018.01.18"]
[EventType "swiss"]
[EventRounds "7"]
[EventCountry "CRO"]
[SourceTitle "EXT 2019"]
[Source "ChessBase"]
[SourceDate "2018.10.10"]
[SourceVersion "1"]
[SourceVersionDate "2018.10.10"]
[SourceQuality "1"]

1. Nf3 c5 2. c4 Nc6 3. Nc3 Nf6 4. d4 cxd4 5. Nxd4 g6 6. Nxc6 bxc6 7. g3 Bg7 8. Bg2 Ba6 9. Qa4 Bb7 10. 0-0 0-0 11. Rd1 Qc7 12. c5 Qe5 13. Be3 h5 14. h3 Rfd8 15. Rd2 Nh7 16. Rad1 Nf8 17. Bd4 Qc7 18. Bxg7 Kxg7 19. Qd4+ Kg8 20. b4 d6 21. cxd6 Rxd6 22. Qe3 Rad8 23. Rxd6 Rxd6 24. Qxa7 Rxd1+ 25. Nxd1 Ne6 26. Ne3 Nd8 27. a4 Qd6 28. b5 cxb5 29. Bxb7 Nxb7 30. Qxb7 bxa4 31. Qa8+ Kg7 32. Qxa4 Qe5 33. Qd1 Qe6 34. Qd4+ Kh7 35. Kg2 f6 36. Qd5 Qg8 37. Qxg8+ Kxg8 38. Kf3 1-0

[Event "Krapina op 7th"]
[Site "Krapina"]
[Date "2017.01.14"]
[Round "5"]
[White "Vincelj, Leopold"]
[Black "Lescan, Marijan"]
[Result "0-1"]
[WhiteElo "1642"]
[BlackElo "1818"]
[PlyCount "77"]
[EventDate "2017.01.12"]
[EventType "swiss"]
[EventRounds "7"]
[EventCountry "CRO"]
[SourceTitle "CBM 176 Extra"]
[Source "ChessBase"]
[SourceDate "2017.03.02"]
[SourceVersion "1"]
[SourceVersionDate "2017.03.02"]
[SourceQuality "1"]

1. e4 e6 2. c3 d5 3. exd5 exd5 4. Nf3 Nf6 5. Be2 c6 6. d3 Bd6 7. Qc2 Bf5 8. Bg5 Nbd7 9. Nbd2 Qc7 10. Nh4 Bg6 11. Nxg6 hxg6 12. h3 Bf4 13. Bxf4 Qxf4 14. Nf3 Qc7 15. Qd2 0-0-0 16. 0-0-0 Ne5 17. Nxe5 Qxe5 18. Bf3 Qc7 19. Rhe1 Kb8 20. Kb1 Rde8 21. Rxe8+ Rxe8 22. Re1 Re5 23. Kc2 a6 24. a3 a5 25. Rxe5 Qxe5 26. Qe3 Qxe3 27. fxe3 Kc7 28. e4 dxe4 29. dxe4 Kd6 30. Kd3 Ke5 31. Ke3 Nd7 32. b4 b6 33. g3 Nf6 34. Kd3 Ne8 35. Kc4 Nd6+ 36. Kd3 g5 37. h4 gxh4 38. gxh4 Kf4 39. Bh1 0-1

[Event "Krapina op 7th"]
[Site "Krapina"]
[Date "2017.01.12"]
[Round "1"]
[White "Lescan, Marijan"]
[Black "Jelecevic, Ivo"]
[Result "0-1"]
[WhiteElo "1818"]
[BlackElo "2137"]
[PlyCount "56"]
[EventDate "2017.01.12"]
[EventType "swiss"]
[EventRounds "7"]
[EventCountry "CRO"]
[SourceTitle "CBM 176 Extra"]
[Source "ChessBase"]
[SourceDate "2017.03.02"]
[SourceVersion "1"]
[SourceVersionDate "2017.03.02"]
[SourceQuality "1"]

1. e4 c5 2. c4 g6 3. Nc3 Bg7 4. g3 Nc6 5. Bg2 e6 6. Nge2 Nge7 7. 0-0 0-0 8. d3 b6 9. Be3 Bb7 10. Qd2 Re8 11. Rad1 Nd4 12. Nb5 Nxb5 13. cxb5 d5 14. Qc2 Qd7 15. a4 Rac8 16. b3 a6 17. bxa6 Bxa6 18. Qb1 Nc6 19. f3 Nb4 20. Nc1 Rcd8 21. Na2 Nxa2 22. Qxa2 dxe4 23. dxe4 Qxd1 24. Rxd1 Rxd1+ 25. Kf2 Red8 26. e5 Bxe5 27. f4 Bc3 28. Bf3 R8d2+ 0-1

[Event "Krapina Regional Cup"]
[Site "Krapina"]
[Date "2016.02.28"]
[Round "5"]
[White "Belinic, Slavko"]
[Black "Lescan, Marijan"]
[Result "0-1"]
[WhiteElo "1711"]
[BlackElo "1811"]
[PlyCount "57"]
[EventDate "2016.02.14"]
[EventType "team-swiss"]
[EventRounds "5"]
[EventCountry "CRO"]
[SourceTitle "CBM 171 Extra"]
[Source "ChessBase"]
[SourceDate "2016.04.26"]
[SourceVersion "1"]
[SourceVersionDate "2016.04.26"]
[SourceQuality "1"]

1. e4 e6 2. Nc3 d5 3. exd5 exd5 4. Qe2+ Be7 5. d4 c6 6. Bf4 Nf6 7. f3 0-0 8. 0-0-0 Bb4 9. Bd2 Re8 10. Qf2 Nbd7 11. a3 Bd6 12. Bd3 Nf8 13. g4 Qc7 14. h4 b5 15. Na2 a5 16. Ne2 b4 17. a4 Bb7 18. b3 c5 19. dxc5 Bxc5 20. Qg2 Rab8 21. h5 N6d7 22. f4 Be3 23. Bxe3 Rxe3 24. Qf2 Rbe8 25. Rhe1 Nc5 26. Bf5 Qe7 27. Rd2 d4 28. Bd3 Nxd3+ 29. cxd3 0-1

[Event "Hum na Sutli op 7th"]
[Site "Hum na Sutli"]
[Date "2013.08.30"]
[Round "1"]
[White "Ostovic, Matija"]
[Black "Lescan, Marijan"]
[Result "1-0"]
[WhiteElo "2298"]
[BlackElo "1832"]
[PlyCount "53"]
[EventDate "2013.08.30"]
[EventType "swiss"]
[EventRounds "9"]
[EventCountry "CRO"]
[SourceTitle "EXT 2015"]
[Source "ChessBase"]
[SourceDate "2014.11.20"]
[SourceVersion "1"]
[SourceVersionDate "2014.11.20"]
[SourceQuality "1"]

1. Nf3 Nf6 2. c4 e6 3. g3 c5 4. Bg2 Nc6 5. 0-0 Be7 6. d4 Nxd4 7. Nxd4 cxd4 8. Qxd4 d6 9. Rd1 e5 10. Qd3 h6 11. Nc3 a6 12. b3 0-0 13. Ne4 Nxe4 14. Bxe4 f5 15. Bg2 Qc7 16. Ba3 Rf6 17. Qd5+ Kh8 18. Rac1 Rb8 19. c5 dxc5 20. Bxc5 Rc6 21. Be3 Rxc1 22. Bxc1 b5 23. Qf7 Bb7 24. Bxb7 Qxb7 25. Qxf5 Rd8 26. Rxd8+ Bxd8 27. Qf8+ 1-0

[Event "Krapina op 2nd"]
[Site "Krapina"]
[Date "2012.06.29"]
[Round "4"]
[White "Lescan, Marijan"]
[Black "Turk, Tajana"]
[Result "1-0"]
[WhiteElo "1866"]
[BlackElo "1929"]
[PlyCount "51"]
[EventDate "2012.06.26"]
[EventType "swiss"]
[EventRounds "9"]
[EventCountry "CRO"]
[SourceTitle "EXT 2013"]
[Source "ChessBase"]
[SourceDate "2012.11.22"]
[SourceVersion "1"]
[SourceVersionDate "2012.11.22"]
[SourceQuality "1"]

1. d4 d5 2. Nf3 Nf6 3. e3 e6 4. c4 c6 5. b3 Be7 6. Be2 0-0 7. 0-0 Ne4 8. Bb2 Nd7 9. Nbd2 Ndf6 10. Nxe4 Nxe4 11. Nd2 Nf6 12. f4 c5 13. Nf3 Qb6 14. Kh1 dxc4 15. Bxc4 Rd8 16. Qc2 Bd7 17. Ne5 Bc6 18. Nxc6 Qxc6 19. Qe2 a6 20. a4 Rab8 21. a5 Ne4 22. f5 Ng5 23. fxe6 fxe6 24. dxc5 Bxc5 25. h4 Bb4 26. Bd4 1-0

[Event "CRO-chT3 Center-A"]
[Site "Zagreb"]
[Date "2011.04.03"]
[Round "4.32"]
[White "Lescan, Marijan"]
[Black "Basaric, Srdjan"]
[Result "0-1"]
[WhiteElo "1923"]
[BlackElo "2166"]
[PlyCount "113"]
[EventDate "2011.03.13"]
[EventType "team-tourn"]
[EventRounds "11"]
[EventCountry "CRO"]
[SourceTitle "EXT 2014"]
[Source "ChessBase"]
[SourceDate "2013.11.20"]
[SourceVersion "1"]
[SourceVersionDate "2013.11.20"]
[SourceQuality "1"]

1. Nf3 Nf6 2. d4 d6 3. c4 Nbd7 4. Nc3 e5 5. e4 Be7 6. Be2 0-0 7. 0-0 c6 8. d5 a6 9. a4 a5 10. Be3 Ng4 11. Bc1 Nc5 12. h3 Nf6 13. Qc2 Qc7 14. Be3 Nfd7 15. Nd2 Qd8 16. f4 Bf6 17. f5 Bg5 18. Bxg5 Qxg5 19. Rf3 Nf6 20. Rf2 Bd7 21. Raf1 Rfc8 22. Kh2 h5 23. g3 h4 24. gxh4 Qxh4 25. Rg2 Kf8 26. Rg3 Ke7 27. Nf3 Qh6 28. Ng5 Rh8 29. Kg2 Ra6 30. Bf3 Nh7 31. Nxh7 Rxh7 32. Qc1 Qxc1 33. Rxc1 Nd3 34. Rb1 Nf4+ 35. Kh2 cxd5 36. Nxd5+ Nxd5 37. cxd5 Bxa4 38. Rbg1 Kf6 39. Rc1 Rb6 40. Rg2 Rb3 41. Rc3 Rxc3 42. bxc3 Bb3 43. Rb2 a4 44. Be2 Rh8 45. Bb5 Rc8 46. c4 Rc5 47. Kg3 Bxc4 48. Bxa4 Ra5 49. Bc2 Ra2 50. Rxa2 Bxa2 51. Bd3 Bb3 52. Bb5 Bc2 53. Kf3 Kg5 54. Ke3 Kh4 55. Bd7 f6 56. Bb5 Kxh3 57. Bf1+ 0-1

[Event "Hum na Sutli op"]
[Site "Hum na Sutli"]
[Date "2010.11.28"]
[Round "9"]
[White "Gveric, Tvrtko"]
[Black "Lescan, Marijan"]
[Result "1/2-1/2"]
[WhiteElo "1794"]
[BlackElo "1958"]
[PlyCount "98"]
[EventDate "2010.11.20"]
[EventType "swiss"]
[EventRounds "9"]
[EventCountry "CRO"]
[SourceTitle "CBM 139 Extra"]
[Source "ChessBase"]
[SourceDate "2011.01.05"]
[SourceVersion "1"]
[SourceVersionDate "2011.01.05"]
[SourceQuality "1"]

1. d4 Nf6 2. c4 e6 3. Nc3 Bb4 4. a3 Be7 5. e4 d5 6. cxd5 exd5 7. e5 Ng8 8. Be3 c6 9. Bd3 Bg5 10. Qf3 Bxe3 11. Qxe3 Be6 12. Nge2 Ne7 13. Nf4 Qd7 14. Nh5 Kf8 15. Qg5 Ng6 16. 0-0 Qe7 17. Qxe7+ Nxe7 18. f4 g6 19. Nf6 h5 20. b4 Nd7 21. Nxd7+ Bxd7 22. b5 Nf5 23. bxc6 bxc6 24. Ne2 Rb8 25. Rab1 Ke7 26. Rxb8 Rxb8 27. Rb1 Rb6 28. a4 Kd8 29. a5 Rxb1+ 30. Bxb1 Kc7 31. Kf2 Bc8 32. Bd3 c5 33. dxc5 Kc6 34. Nc3 Kxc5 35. Nb5 Ba6 36. Bxf5 Bxb5 37. e6 Be8 38. exf7 Bxf7 39. Bd3 Kd4 40. Ke2 Kc3 41. g3 d4 42. h3 Bc4 43. Bxc4 Kxc4 44. g4 hxg4 45. hxg4 d3+ 46. Kd2 Kd4 47. f5 gxf5 48. gxf5 Ke5 49. Kxd3 Kxf5 1/2-1/2

[Event "Hum na Sutli op"]
[Site "Hum na Sutli"]
[Date "2010.11.21"]
[Round "2"]
[White "Turk, Tajana"]
[Black "Lescan, Marijan"]
[Result "1-0"]
[WhiteElo "1772"]
[BlackElo "1958"]
[PlyCount "79"]
[EventDate "2010.11.20"]
[EventType "swiss"]
[EventRounds "9"]
[EventCountry "CRO"]
[SourceTitle "CBM 139 Extra"]
[Source "ChessBase"]
[SourceDate "2011.01.05"]
[SourceVersion "1"]
[SourceVersionDate "2011.01.05"]
[SourceQuality "1"]

1. d4 Nf6 2. c4 e6 3. Nc3 d5 4. e3 Be7 5. Nf3 b6 6. Be2 Bb7 7. 0-0 0-0 8. b3 Nbd7 9. Bb2 c5 10. Rc1 Rc8 11. Ne5 Nxe5 12. dxe5 Ne4 13. Bf3 Nxc3 14. Bxc3 Qc7 15. cxd5 exd5 16. Bxd5 Rcd8 17. e4 Kh8 18. Qf3 f5 19. exf6 Bxf6 20. Qh5 Bxc3 21. Rxc3 g6 22. Qd1 Bxd5 23. exd5 Rf5 24. Rd3 Qd6 25. Qa1+ Kg8 26. Rfd1 Rdf8 27. R1d2 Re5 28. Qd1 Rh5 29. g3 Re5 30. Re2 Rfe8 31. Rde3 Rxe3 32. fxe3 Re5 33. e4 c4 34. Qd4 cxb3 35. axb3 a5 36. Rc2 Re8 37. Rc6 Qe7 38. d6 Qe5 39. Qxe5 Rxe5 40. d7 1-0

[Event "Velika Gorica op 8th"]
[Site "Velika Gorica"]
[Date "2008.08.25"]
[Round "4"]
[White "Lescan, Marijan"]
[Black "Hibner, Branko"]
[Result "0-1"]
[WhiteElo "1968"]
[BlackElo "2080"]
[PlyCount "84"]
[EventDate "2008.08.23"]
[EventType "swiss"]
[EventRounds "9"]
[EventCountry "CRO"]
[SourceTitle "CBM 126 Extra"]
[Source "ChessBase"]
[SourceDate "2008.11.05"]
[SourceVersion "1"]
[SourceVersionDate "2008.11.05"]
[SourceQuality "1"]

1. d4 d5 2. Nf3 c6 3. g3 Bf5 4. Bg2 Nf6 5. 0-0 Qc7 6. b3 h6 7. c4 e6 8. Ba3 Bxa3 9. Nxa3 0-0 10. e3 Nbd7 11. Nb1 a5 12. Nc3 Qb8 13. Nh4 Bh7 14. f4 dxc4 15. bxc4 Nb6 16. c5 Nbd5 17. Qe1 b5 18. h3 Nxc3 19. Qxc3 Ne4 20. Qe1 b4 21. Nf3 Qc7 22. Nd2 Nc3 23. Nc4 Bd3 24. Nb6 Ra7 25. Rf2 Be4 26. Kh2 Bxg2 27. Rxg2 g5 28. a3 Rb8 29. Rb2 bxa3 30. Rxa3 Nb5 31. Rxa5 Rxa5 32. Qxa5 gxf4 33. gxf4 Nxd4 34. Rg2+ Kh7 35. Qc3 Nf5 36. Qc1 Rg8 37. Rf2 Qe7 38. e4 Qh4 39. Rf3 Nd4 40. Qf1 Nxf3+ 41. Qxf3 Qe1 42. Nd7 Qg1# 0-1

[Event "Velika Gorica op 7th"]
[Site "Velika Gorica"]
[Date "2007.08.19"]
[Round "3"]
[White "Lescan, Marijan"]
[Black "Jakupec, Denis"]
[Result "0-1"]
[WhiteElo "1960"]
[BlackElo "2144"]
[PlyCount "64"]
[EventDate "2007.08.18"]
[EventType "swiss"]
[EventRounds "9"]
[EventCountry "CRO"]
[SourceTitle "CBM 120 Extra"]
[Source "ChessBase"]
[SourceDate "2007.11.01"]
[SourceVersion "1"]
[SourceVersionDate "2007.11.01"]
[SourceQuality "1"]

1. d4 d5 2. Bf4 Nf6 3. e3 Bg4 4. Nf3 e6 5. Nbd2 c5 6. c3 Nc6 7. h3 Bh5 8. Be2 Bd6 9. Bg5 h6 10. Bh4 0-0 11. g4 Bg6 12. g5 hxg5 13. Bxg5 Re8 14. dxc5 Bxc5 15. Nb3 Be7 16. h4 e5 17. Bxf6 Bxf6 18. h5 Bf5 19. Rg1 Rc8 20. Qd2 d4 21. exd4 exd4 22. Qf4 Bd3 23. Nbxd4 Nxd4 24. Nxd4 Bxd4 25. 0-0-0 Bxc3 26. bxc3 Rxc3+ 27. Kb2 Rc2+ 28. Ka1 Rexe2 29. Rxg7+ Kxg7 30. Rg1+ Bg6 31. Rxg6+ fxg6 32. h6+ Kh8 0-1

[Event "Zagreb op"]
[Site "Zagreb"]
[Date "2007.03.25"]
[Round "9"]
[White "Lescan, Marijan"]
[Black "Sambolec, Andreja"]
[Result "0-1"]
[WhiteElo "1991"]
[BlackElo "1828"]
[PlyCount "76"]
[EventDate "2007.03.17"]
[EventType "swiss"]
[EventRounds "9"]
[EventCountry "CRO"]
[SourceTitle "CBM 117 Extra"]
[Source "ChessBase"]
[SourceDate "2007.05.09"]
[SourceVersion "1"]
[SourceVersionDate "2007.05.09"]
[SourceQuality "1"]

1. e4 c5 2. c4 d6 3. b3 Nf6 4. f3 g6 5. Bb2 Bg7 6. Ne2 0-0 7. d4 cxd4 8. Nxd4 Nc6 9. Nxc6 bxc6 10. Qc2 Rb8 11. Bd3 a5 12. Nc3 Qb6 13. Na4 Qa7 14. Qf2 Qb7 15. 0-0 Bd7 16. c5 dxc5 17. Qxc5 Be6 18. Qxa5 Ra8 19. Qc3 Rfb8 20. Rab1 Nh5 21. e5 Nf4 22. Rfe1 Rd8 23. Bf1 Qa7+ 24. Kh1 Nd5 25. Qd2 Rd7 26. Qc1 Nb4 27. Ba3 Nd3 28. Bxd3 Rxd3 29. Nc5 Rd5 30. Nxe6 Qxa3 31. Qxc6 Rxe5 32. Nxg7 Rxe1+ 33. Rxe1 Kxg7 34. Qc3+ Kg8 35. Re2 Qa6 36. Qc4 Rc8 37. Qe4 Rc1+ 38. Re1 Qf1+ 0-1